Sankhyaki (Record no. 204204)

MARC details
000 -LEADER
fixed length control field 00296nam a2200133Ia 4500
008 - FIXED-LENGTH DATA ELEMENTS--GENERAL INFORMATION
fixed length control field 230917s9999||||xx |||||||||||||| ||und||
040 ## - CATALOGING SOURCE
-- 190476
Original cataloging agency VIVEKANANDA LIBRARY
041 ## - Language
-- English
082 ## - DDC NUMBER
Classification number 519.5 Y11S
100 ## - MAIN ENTRY--PERSONAL NAME
Personal name Yadav, Devi Singh
245 #0 - TITLE STATEMENT
Title Sankhyaki
300 ## - PHYSICAL DESCRIPTION
Pages 804, xv p.
942 ## - ADDED ENTRY ELEMENTS (KOHA)
Koha item type Books
Holdings
Withdrawn status Lost status Damaged status Not for loan Location (home branch) Sublocation or collection (holding branch) Date acquired Koha issues (times borrowed) Koha full call number Accession No. Koha date last seen Koha item type
        VIVEKANANDA LIBRARY VIVEKANANDA LIBRARY 10/10/2011   519.5 Y11S 64813 17/09/2023 Books
© Designed and Maintained by Vivekananda Library, MDU Rohtak